La France byzantine : ou le triomphe de la litttérature pure : Mallarmé, Gide, Proust, Valéry, Alain, Giraudoux, Suarès, les surréalistes : essai d'une psychologie originelle du littérateur /
שמור ב:
| מחבר ראשי: | |
|---|---|
| פורמט: | ספר |
| שפה: | צרפתית |
| יצא לאור: |
París?, Francia :
Gallimard,
1945, c1945
|
| מהדורה: | 19a edición |
| נושאים: | |
| תגים: |
אין תגיות, היה/י הראשונ/ה לתייג את הרשומה!
|
MARC
| LEADER | 00000nam^a2200000^a^4500 | ||
|---|---|---|---|
| 001 | 000380691 | ||
| 005 | 20250526000000.0 | ||
| 009 | 20260310120614.95 | ||
| 037 | |a Acervo ITESO - Biblioteca | ||
| 041 | |a FRA | ||
| 082 | |a 840. 944 |b BEN | ||
| 100 | |a Benda, Julien |e (autor) | ||
| 245 | 1 | 3 | |a La France byzantine : |b ou le triomphe de la litttérature pure : Mallarmé, Gide, Proust, Valéry, Alain, Giraudoux, Suarès, les surréalistes : essai d'une psychologie originelle du littérateur / |c J. Benda. |
| 250 | |a 19a edición | ||
| 264 | 4 | |a París?, Francia : |b Gallimard, |c 1945, c1945 | |
| 300 | |a 294 p. ; |c 22.5 cm. | ||
| 336 | |a texto |b txt |2 rdacontenido | ||
| 337 | |a sin mediación |b n |2 rdamedio | ||
| 338 | |a volumen |b nc |2 rdasoporte | ||
| 561 | |a Ex libris de Ignacio Díaz Morales | ||
| 649 | |a XX | ||
| 650 | |a Escritores Franceses - |x Biografías | ||
| 650 | |a Filósofos Franceses - |x Biografías | ||
| 650 | |a Surrealismo - |z Francia - |x Historia y Crítica | ||
| 650 | |a Filosofía Francesa - |x Historia y Crítica | ||
| 650 | |a Filosofía del Siglo XIX - |x Historia y Crítica | ||
| 650 | |a Filosofía del Siglo XX - |x Historia y Crítica | ||
| 650 | |a Literatura Francesa - |y Siglo XIX | ||
| 650 | |a Literatura Francesa - |y Siglo XX | ||
| 650 | |a Literatura Francesa - |x Historia y Crítica - |x Tema Principal | ||
| 650 | |a Mallarmé, Stéphane | ||
| 650 | |a Gide, André | ||
| 650 | |a Proust, Marcel | ||
| 650 | |a Valéry, Paul | ||
| 650 | |a Giraudoux, Jean | ||
| 650 | |a Suarès, André | ||
| 600 | |a Alain | ||
| 910 | |a Fondo Ignacio Díaz Morales | ||
| 920 | |a Impresos - Libros | ||
| 930 | |a Libros Antiguos y Raros | ||
| 940 | |a Literatura | ||
| 940 | |a Arquitectos Jaliscienses | ||
| 905 | |a 108 | ||
| 901 | |a 0500275557 |b IT2 |c LRA |u 20250526 | ||
| 902 | |a https://opac.biblio.iteso.mx/vufind/Record/000380691 | ||